A reconnaissance of the Point Barrow region, Alaska, (Record no. 26382)
[ view plain ]
| 000 -LEADER | |
|---|---|
| fixed length control field | 01027cam a22002771 4500 |
| 001 - CONTROL NUMBER | |
| control field | gs 25000139 |
| 003 - CONTROL NUMBER IDENTIFIER | |
| control field | DLC |
| 005 - DATE AND TIME OF LATEST TRANSACTION | |
| control field | 20260227111329.0 |
| 008 - FIXED-LENGTH DATA ELEMENTS--GENERAL INFORMATION | |
| fixed length control field | 770317s1925 dcuabf b f000 0 eng c |
| 010 ## - LIBRARY OF CONGRESS CONTROL NUMBER | |
| LC control number | gs 25000139 |
| 040 ## - CATALOGING SOURCE | |
| Original cataloging agency | U.S. Geol. survey. Libr. (200)E no. 772 |
| Transcribing agency | ak |
| Modifying agency | DLC |
| 043 ## - GEOGRAPHIC AREA CODE | |
| Geographic area code | n-us-ak |
| 050 00 - LIBRARY OF CONGRESS CALL NUMBER | |
| Classification number | QE75 |
| Item number | .B9 no. 772 |
| 051 ## - LIBRARY OF CONGRESS COPY, ISSUE, OFFPRINT STATEMENT | |
| Classification number | QE84.P6 |
| Item number | P3 |
| Copy information | Copy 2. |
| 100 1# - MAIN ENTRY--PERSONAL NAME | |
| Personal name | Paige, Sidney, |
| Dates associated with a name | 1880- |
| 245 12 - TITLE STATEMENT | |
| Title | A reconnaissance of the Point Barrow region, Alaska, |
| Statement of responsibility, etc. | by Sidney Paige, W. T. Foran, and James Gilluly. |
| 260 ## - PUBLICATION, DISTRIBUTION, ETC. | |
| Place of publication, distribution, etc. | Washington, |
| Name of publisher, distributor, etc. | Govt. print. off., |
| Date of publication, distribution, etc. | 1925. |
| 300 ## - PHYSICAL DESCRIPTION | |
| Extent | v, 33 p. |
| Other physical details | illus., IX pl. (incl. fold. map, fold. diagr.) tables. |
| Dimensions | 23 cm. |
| 490 0# - SERIES STATEMENT | |
| Series statement | United States. Geological survey. Bulletin 772 |
| 500 ## - GENERAL NOTE | |
| General note | Map folded in pocket. |
| 504 ## - BIBLIOGRAPHY, ETC. NOTE | |
| Bibliography, etc. note | Bibliographical references. |
| 650 #0 - SUBJECT ADDED ENTRY--TOPICAL TERM | |
| Topical term or geographic name entry element | Geology |
| Geographic subdivision | Alaska |
| -- | Barrow, Point. |
| 700 1# - ADDED ENTRY--PERSONAL NAME | |
| Personal name | Foran, W. T. |
| Fuller form of name | (William T.), |
| Dates associated with a name | 1893- |
| 700 1# - ADDED ENTRY--PERSONAL NAME | |
| Personal name | Gilluly, James, |
| Dates associated with a name | 1896-1980. |
| 740 0# - ADDED ENTRY--UNCONTROLLED RELATED/ANALYTICAL TITLE | |
| Uncontrolled related/analytical title | Point Barrow region, Alaska, A reconnaissance of the. |
No items available.